Marketing for Leisure and Tourism (Record no. 2752)
[ view plain ]
| 000 -LEADER | |
|---|---|
| fixed length control field | 01277cam a22002054a 4500 |
| 005 - ΗΜΕΡΟΜΗΝΙΑ ΚΑΙ ΩΡΑ ΤΕΛΕΥΤΑΙΑΣ ΕΝΗΜΕΡΩΣΗΣ | |
| Πεδίο ελέγχου | 20250605164052.0 |
| 008 - FIXED-LENGTH DATA ELEMENTS--GENERAL INFORMATION | |
| Πεδίο ελέγχου σταθερού μήκους | 250528s ||||||||||||||||||||||||d |
| 035 ## - SYSTEM CONTROL NUMBER | |
| System control number | 17325 |
| 020 ## - ISBN | |
| ISBN | 131509888 |
| 040 ## - ΠΗΓΗ ΚΑΤΑΛΟΓΟΓΡΑΦΗΣΗΣ | |
| Φορέας πρωτότυπης καταλογογράφησης | MC Athens Campus Library |
| Γλώσσα καταλογογράφησης | Ελληνικά, Μοντέρνα (1453-) |
| Modifying agency | MC Athens Campus Library |
| Κανόνες περιγραφικής καταλογογράφησης | AACR2 |
| 245 1# - ΤΙΤΛΟΣ ΚΑΙ ΔΗΛΩΣΗ ΥΠΕΥΘΥΝΟΤΗΤΑΣ | |
| Τίτλος | Marketing for Leisure and Tourism |
| 250 ## - EDITION STATEMENT | |
| Edition statement | 1st |
| 260 ## - PUBLICATION, DISTRIBUTION, ETC. | |
| Name of publisher, distributor, etc. | Prentice Hall, |
| Date of publication, distribution, etc. | 1996 |
| 300 ## - PHYSICAL DESCRIPTION | |
| Extent | 324 |
| 520 ## - SUMMARY, ETC. | |
| Summary, etc. | A comprehensive yet accessible account of the role of marketing in the leisure and tourism industries. Preface, Acknowledgements, What is Leisure Marketing?, Leisure, What is Marketing?, Marketing Orientation, The Marketing Planning Process, Understanding Leisure Markets, Research for Marketing, The External Influences, Consumer Behavior, Segmentation, Competitive Strategy, The Leisure Marketing Mix, The Leisure Product, Designing and Delivering Customer Service, Pricing, Place: Getting your Product to the Market and or Vice Versa, The Promotional Mix in Leisure, Promotion, Advertising, Direct Marketing, Sales Promotion, Public Relations, Promotional Literature, Implementing the Marketing Concept in Leisure, Cooperative Marketing, Marketing in Leisure Organizations, Bibliography, Index. |
| 700 1# - ΠΡΟΣΘΕΤΗ ΑΝΑΓΡΑΦΗ--ΦΥΣΙΚΟ ΠΡΟΣΩΠΟ | |
| Personal name | Morgan Michael |
| 9 (RLIN) | 3485 |
| 942 ## - ADDED ENTRY ELEMENTS (KOHA) | |
| Koha item type | Books |
| Τύπος τεκμηρίου | Βιβλιοθήκη | Τρέχουσα τοποθεσία | Barcode | Αριθμός εισαγωγής | Ημερομηνία απόκτησης | Ταξιθετικό σύμβολο | Αριθμός αντιτύπου | Κατάσταση απόσυρσης | Κατάσταση χαμένου | Κατάσταση κατεστραμμένου | Μη δανεισμός | Σύνολο δανεισμών | Ημερομηνία τελευταίας εμφάνισης | Η τιμή ισχύει από |
|---|---|---|---|---|---|---|---|---|---|---|---|---|---|---|
| Books | MC Athens Campus Library | MC Athens Campus Library | 9780000027511 | 9999 | 05/06/2025 | 338.4791 MOR | 1 | 05/06/2025 | 05/06/2025 |